Encyclopaedia of Agricultural Economics (Record no. 752234)
[ view plain ]
| 000 -LEADER | |
|---|---|
| fixed length control field | 02076nam a2200205 4500 |
| 020 ## - INTERNATIONAL STANDARD BOOK NUMBER | |
| ISBN | 9789391972998 |
| 041 ## - LANGUAGE CODE | |
| Language code of text/sound track or separate title | English |
| 082 ## - DEWEY DECIMAL CLASSIFICATION NUMBER | |
| Classification number | 338.1 |
| Item number | RAS/E |
| 084 ## - OTHER CLASSIFICATION NUMBER | |
| Source of Number | Colon Classification |
| 100 ## - MAIN ENTRY--AUTHOR NAME | |
| Personal name | Rashmi Mehta |
| 245 ## - TITLE STATEMENT | |
| Title | Encyclopaedia of Agricultural Economics |
| 250 ## - EDITION STATEMENT | |
| Edition statement | 1 |
| 260 ## - PUBLICATION, DISTRIBUTION, ETC. (IMPRINT) | |
| Place of publication | Jaipur: |
| Name of publisher | Agrotech Press, |
| Year of publication | 2025. |
| 300 ## - PHYSICAL DESCRIPTION | |
| Number of Pages | 296p. |
| 500 ## - GENERAL NOTE | |
| General note | Agronomics, the original name for Agricultural Economics, was the application of economic ideas to the production of crops and cattle. Agronomics was the study of economics with a focus on land use. It was centred on increasing crop yields while preserving a healthy soil ecology. The discipline developed over the course of the 20th century, and it now has a far wider reach. Nowadays, agricultural economics encompasses a wide range of applied fields and shares a great deal of ground with traditional economics. The distribution of resources under shortage is the subject of economics. Around the turn of the 20th century, agronomics—the application of economic principles to agricultural producers' decision-making—became increasingly popular. Works on land economics might be linked to the topic of agricultural economics. After looking at the organisation and structure of the agricultural sector, this book covers the fundamentals of macro- and microeconomics and how they relate to agriculture. Economics principles are employed to show the pupil that theory does, in fact, make reality more understandable. |
| 505 ## - FORMATTED CONTENTS NOTE | |
| Formatted contents note | <br/>Contents : 1. Cost Inflation in Agriculture 2. Labour Issues for Specific Stakeholder Groups 3. National Income Statistics of India 4. Irrigation Systems Management Statistics 5. Development of Agricultural Statistics for Food Policy 6. Evaluating and Classifying Land for Irrigated Agriculture 7. Input Demand an Output Supply Functions 8. Input Demand and Output Supply Response 9. Scope for Commercialisation of Small Farm Agriculture 10. Agroecosystem Assessment. |
| 650 ## - SUBJECT ADDED ENTRY--TOPICAL TERM | |
| Topical Term | Agricultural Economics |
| 942 ## - ADDED ENTRY ELEMENTS (KOHA) | |
| Source of classification or shelving scheme | Dewey Decimal Classification |
| Koha item type | Book |
| Withdrawn status | Lost status | Source of classification or shelving scheme | Damaged status | Not for loan | Collection code | Home Library | Current Location | Shelving location | Date acquired | Source of acquisition | Cost, normal purchase price | Full call number | Accession Number | Price effective from | Koha item type |
|---|---|---|---|---|---|---|---|---|---|---|---|---|---|---|---|
| Dewey Decimal Classification | Non-fiction | Dept. of Economics | Dept. of Economics | Processing Center | 16/10/2025 | CHA-227/05/2025,07-05-2025 | 2195.00 | 338.1 RAS/E | ECN16783 | 16/10/2025 | Book |
